000
00278nam a2200109Ia 4500
001
1261172
005
20260417140346.0
008
260417s9999 xx 000 0 und d
020
_a
9786256309548
245
0
_a
Milletlerin Zenginliği
_c
Adam Smith
260
_b
Ketebe Yayınları
999
_c
1261172
_d
1261172